Principles of management /

'Principles of Management' takes a practical, student-oriented approach toward teaching management with an emphasis on current topics, including issues of diversity, ethics and technology

Salvato in:
Dettagli Bibliografici
Autore principale: Robert Kreitner
Natura: Libro
Pubblicazione: Australia , South-Western ; Cengage Learning , c2008.
Soggetti:
Tags: Aggiungi Tag
Nessun Tag, puoi essere il primo ad aggiungerne!!

MARC

LEADER 00000nam a2200000 4500
020 |a 9781111525644  |c TZS 59,096. 55 
040 |a MUL  |b eng  |e AACR 
082 |a 658 KRE 
100 |a Robert Kreitner 
245 |a  Principles of management /  |c Robert Kreitner 
260 |a Australia ,  |b South-Western ; Cengage Learning ,  |c c2008. 
300 |a xxviii, 118 p . :  |b Col , ill . ;  |c 26 cm. 
500 |a Includes index. 
520 |a 'Principles of Management' takes a practical, student-oriented approach toward teaching management with an emphasis on current topics, including issues of diversity, ethics and technology 
546 |a eng. 
650 |a Industrial management 
650 |a Business and Management 
942 |c BK 
999 |c 5354  |d 5354